Alles endet auf "-fall" - Statistiken

Allgemein
  • Dieses Quiz wurde 124 mal gespielt
  • Das Durchschnittsergebnis liegt bei 14 aus 18
Antwortstatistiken
Umschreibung Antwort % Korrekt
Idee Einfall
99%
winterlicher Niederschlag Schneefall
98%
Müll Abfall
96%
schnelle und häufige Ausscheidung von dünnflüssigem Stuhl Durchfall
95%
Wiedereintritt in ein Suchtverhalten Rückfall
92%
plötzlicher unerwarteter Angriff mit krimineller Absicht Überfall
92%
ungewolltes Ereignis, bei dem Menschen zu Schaden kommen Unfall
92%
Applaus Beifall
91%
ereignete sich am 9. November 1989 Mauerfall
90%
senkrecht abstürzender Fluss Wasserfall
90%
plötzliches, kurzzeitiges Auftreten von Symptomen, Attacke Anfall
81%
James-Bond-Film von 2012 Skyfall
78%
Fügung, Koinzidenz Zufall
75%
Zustand eines verlassenen Gebäudes oder eines alternden Körpers Verfall
72%
Nichtstattfinden, Absage einer Veranstaltung Ausfall
63%
sofortiger Hilfe bedürfendes Ereignis Notfall
58%
individuelles Vorkommnis, das eine Ausnahme darstellt Einzelfall
52%
Streichung, Beendigung des Vorhandenseins einer Sache Wegfall
36%
Keine übereinstimmenden Quizze gefunden
Verteilung der Resultate
Anzahl Personen mit jedem Resultat
Perzentil nach korrekt beantworteten Fragen
Ihre Resultats-Entwicklung
Sie haben dieses Quiz noch nicht gespielt